Tout l'humour du monde

Na minha lista:
Detalhes bibliográficos
Autor principal: Daninos, Pierre
Formato: Livro
Idioma:Undetermined
Publicado em: París, Francia Hachette 1958
Assuntos:
Tags: Adicionar Tag
Sem tags, seja o primeiro a adicionar uma tag!

MARC

LEADER 00000nam a2200000Ia 4500
008 170316s9999 xx 000 0 und d
040 |a cru BVZT 
090 |a 840 D-3t 
100 |a Daninos, Pierre 
245 |a Tout l'humour du monde 
260 |a París, Francia 
260 |b Hachette 
260 |c 1958 
300 |a 224 páginas 
650 |a LITERATURA FRANCESA 
999 |c 7644  |d 7644 
942 |c 15 D  |h 840 D-3t  |2 z